000 00544nam a2200205Ia 4500
005 20260429112311.0
008 260429s9999||||xx |||||||||||||| ||und||
020 _a9798886130775
041 _aEnglish
082 _a512.5
_bHAV
100 _aHaviv, Moshe
245 0 _aLinear algebra for data science /
_cMoshe Haviv
260 _aSingapore :
_bWorld Scientific Publishing,
_c2024.
300 _axii, 244 p.; pbk
650 _a Algebra
650 _a Data science
650 _a Linear algebra
650 _aMathematics
942 _cTB
999 _c53381
_d53381